00225nam a2200097Ia 4500008004100000041000800041082001400049100001300063245004200076260000900118240625s9999 xx 000 0 und d aeng a519.5 AND aANDERSON aSTATISTICS FOR BUSINESS AND ECONOMICS c2007